| 000 | 00599nam a2200205 u 4500 | ||
|---|---|---|---|
| 005 | 20220608063510.0 | ||
| 008 | 180927e2016 es r 000 0 spa d | ||
| 020 | _a9788494464904 | ||
| 035 | _aUPN01000226922 | ||
| 049 | _aCG | ||
| 050 | 4 |
_aPL826 D6 _bC7.4 |
|
| 100 | 1 |
_aEdogawa, Rampo, _d1894-1965 _930257 |
|
| 245 | 1 | 4 |
_aLos crĂmenes del jorobado / _cEdogawa Rampo ; tr. Ismael Funes Aguilera. |
| 260 |
_aMadrid : _bQuaterni, _c2016. |
||
| 300 | _a243 p. | ||
| 650 | 4 |
_aLITERATURA JAPONESA _910009 |
|
| 650 | 0 |
_aCuentos policĂacos y de misterio _92405 |
|
| 905 | _aLibro | ||
| 999 |
_c199018 _d199018 |
||